| 000 | 00629nam a2200205 i 4500 | ||
|---|---|---|---|
| 001 | 134758 | ||
| 003 | ES-MaACL | ||
| 005 | 20230906194735.0 | ||
| 007 | t| | ||
| 008 | 070913s1979 sp ||||1| spa d | ||
| 100 | 1 |
_aYarza Luaces, Joaquín. _9117586 |
|
| 245 | 1 | 0 |
_aArte y arquitectura en España, 500-1250 / _cJoaquín Yarza Luaces. |
| 260 |
_a[Madrid] : _bCátedra, _c[1979] |
||
| 300 |
_a383 p. : _bil. ; _c21 cm. |
||
| 490 | 1 | _aManuales de arte Cátedra | |
| 650 | 1 | 4 |
_aArte medieval- _xEspaña. _910242 |
| 830 | 0 |
_aManuales de arte Cátedra _9219871 |
|
| 852 |
_aES-MaACL _jA-10447 _bR.99655 |
||
| 999 |
_c134758 _d134758 |
||